000 00483pab a2200157 454500
008 180718b2005 xxu||||| |||| 00| 0 eng d
100 _aGhosh, Prabhat P.
245 _aStructure of Madhya Pradesh economy: pre-and post-liberalization
260 _c2005
300 _ap.5029-037.
362 _a26 Nov
650 _aEconomic and social development - India - Madhya Pradesh
650 _aEconomic and social development
773 _aEconomic and Political Weekly
909 _a67915
999 _c67915
_d67915